1942 1323 1212 1875 1315 1151 1412 1536 1044 1422 1078 1095 1562 1906 1649 1811 1359 1170 1370 1515 1039 1465 1398 1369 1415 1436 1180 1415 1970 1858 1798 1209 1804 1729 1424 1860 1910 1915 1325 1750 1076 1233 1719 2000 1971 1306 1527 1926 1896 1504 1899 1783 1687 1115 1982 1753 1052 1315 1635 1458 1172 1373 1280 1028 1954 1495 1896 1660 1976 1595 1641 1015 1333 1464 1645 1573 1688 1516 1245 1143 1077 1050 1916 1555 1485 1849 1497 1820 1194 1798 1207 1656 1317 1863 1717 1760 1643 1766 1520 BCNSPRNW ULIB Ver.6.0+V

เปลี่ยนเป็นภาษาไทย

Change to English
 แสดงรายละเอียดบรรณานุกรม
  กลับหน้าหลัก

Brief Record : Get Marc (ISO 2709) : E-mail record : QR code < ปิดหน้าต่าง
LEADER : 00000nam 2200000uu 4500
001    13399126583
003     ULIB
008    020711s2561 th a 000 0 tha d
020    ^a9786168145104
050    ^aนว^bญ116พ
100    ^aญนันทร
245    ^aเพชรกลางตะวัน ซีรีส์ชุดสี่ดรุณี/^cญนันทร
260    ^aกรุงเทพฯ :^bบางรักษ์,^c2561
300    ^a384 หน้า;^b26 ซม.
650    ^aนวนิยาย
945    ^p340^l0^i004778
999    ^aประนอม เกษจรัล
รายการนี้ยังไม่มีแท็ก
คุณยังไม่ได้ล็อกอิน คุณสามารถมีกิจกรรมร่วมกับเว็บไซต์ได้ แต่ต้องล็อกอินก่อน ::
  ล็อกอิน

รายการสื่อสารสนเทศ

ลำดับที่ ประเภท เลขเรียก/บาร์โค้ด สถานที่ สถานะ
1. นวนิยาย
นวนิยาย
นว ญ116พ ฉ.1 
  Barcode: 004778
ห้องสมุดวิทยาเขตสวรรค์ประชารักษ์
►นวนิยาย
บนชั้น
  ขอยืม

รายการใกล้เคียง
    ผู้แต่ง [ญนันทร]

    หัวเรื่อง [นวนิยาย]

BibComment


ยังไม่เคยถูกคอมเมนท์

คอมเมนท์ทรัพยากรรายการนี้
  คอมเมนท์: เพชรกลางตะวัน ซี..


 Copyright 2026. Bcnsprnw @Library